Evénements du 20 octobre - Statistiques

Statistiques générales
  • Ce quiz a été pris 21 fois
  • Le résultat moyen est 7 sur 15
Statistiques - réponses
Hint Réponse % Correct
1er concert des Rolling Stones à l'Olympia 1964
76%
Naissance de Pauline Bonaparte 1780
71%
L'E.T.A. basque annonce la « fin définitive de son action armée ». 2011
71%
Naissances de l'écrivain Alphonse Allais et d'Arthur Rimbaud 1854
59%
Naissance de Roger Hanin 1925
59%
Naissance de l'acteur Daniel Prévost 1939
59%
Naissance de Claude Sérillon 1950
53%
Naissance de Stanislas Leszczynski, roi de Pologne 1677
47%
Mort de Burt Lancaster 1994
47%
Ouverture de l'opéra de Sydney 1973
41%
Naissances de Stéphane Hessel ET de Jean-Pierre Melville 1917
29%
Naissance de la speakrine Jacqueline Huet 1929
29%
Le Béarn est annexé à la France 1620
24%
Bataille de Navarin 1827
24%
Naissance de l'architecte Christopher Wren 1632
12%
Aucun quiz correspondant
Distribution des résultats
% des personnes avec chaque résultat
Percentile par nombre de réponses
Votre historique - résultats
Vous n’avez pas pris ce quiz